Prema Sai Prema Avatar/ (Record no. 205771)

MARC details
000 -LEADER
fixed length control field 00608nam a2200193 4500
005 - DATE AND TIME OF LATEST TRANSACTION
control field 20240910171212.0
010 ## - LCCN (DPL NO)
LC control number ENG-141724
020 ## - INTERNATIONAL STANDARD BOOK NUMBER
Terms of availability 270.00
035 ## - SYSTEM CONTROL NUMBER
System control number EN-125256
037 ## - SOURCE OF ACQUISITION
Source of stock number/acquisition DBAD
082 ## - DEWEY DECIMAL CLASSIFICATION NUMBER
Classification number 181.4
100 ## - MAIN ENTRY--PERSONAL NAME
Personal name Sai, Vasantha
245 ## - TITLE STATEMENT
Title Prema Sai Prema Avatar/
Statement of responsibility, etc By Vasantha Sai
260 ## - PUBLICATION, DISTRIBUTION, ETC. (IMPRINT)
Place of publication, distribution, etc Madurai
Name of publisher, distributor, etc Sri Vasanthasai Books & Publications Trust
Date of publication, distribution, etc 2006
270 ## - ADDRESS
Address MuktiNilayam,Royapalayam Village B.O.
City Tirumangalam S.O, Madurai
Postal code 625706
Electronic mail address mukthinilayam@gmail.com
300 ## - PHYSICAL DESCRIPTION
Extent 299.p.
Dimensions 24cm. (pb)
Other physical details ill.
490 ## - SERIES STATEMENT
Volume number/sequential designation Part 1
942 ## - ADDED ENTRY ELEMENTS (KOHA)
Source of classification or shelving scheme Dewey Decimal Classification
Item type English Books
Classification part 181.4
Call number suffix PRE
Holdings
Withdrawn status Lost status Materials specified (bound volume or other part) Not for loan Collection code Home library Current library Date acquired Source of acquisition Cost, normal purchase price Full call number Barcode Copy number Cost, replacement price Koha item type
    Part 1   Non-fiction Bawana Bawana 10/09/2024 DBAD 270.00 181.4 PRE EN-125256 1 270.00 English Books

© Delhi Public Library
Hit Counter
free hit counter